000 00612cab a2200193 4500
001 ABS43114
008 090401t1990 xxu||||| |||| 00| 0 eng d
035 _a(Sirsi) u40481
041 _aeng
100 _aAllen, J.D.
245 _aProject management - the art of getting it done
260 _c1990
350 _a0
490 _aConstruction News
_v(6171) 12 July 1990, 18(1)
520 _aReports on the work of the largest management consultancy firm in the UK following the merger between Coopers and Lybrand and Deloitte .
690 _aProject management
_96261
942 _n0
948 _c04/03/1997
999 _c25940
_d25940